000 00265nam a2200109Ia 4500
008 200302s9999 xx 000 0 und d
100 _aStephen Crafti
245 _aBeach Houses : Down Under
260 _bImages Publishing, Austraila
260 _c2006
300 _a269
999 _c4580
_d4580